LIBRARY & INFORMATION CENTRE, KCAET, TAVANUR

ONLINE PUBLIC ACCESS CATALOGUE (OPAC)

Course in internal combustion engines (Record no. 11335)

MARC details
000 -LEADER
fixed length control field 00351cam a2200169ua 4500
041 ## - LANGUAGE CODE
Language code of text/sound track or separate title eng
082 ## - DEWEY DECIMAL CLASSIFICATION NUMBER
Classification number 621.43
Item number MAT/CO
100 ## - MAIN ENTRY--AUTHOR NAME
Personal name Mathur, M L.
245 ## - TITLE STATEMENT
Title Course in internal combustion engines
250 ## - EDITION STATEMENT
Edition statement 4 /
300 ## - PHYSICAL DESCRIPTION
Number of Pages ; .
942 ## - ADDED ENTRY ELEMENTS (KOHA)
Koha item type Books
Holdings
Withdrawn status Lost status Damaged status Home library Current library Date acquired Full call number Accession Number Koha item type
Withdrawn     KAUAET KAUAET 12/02/1986 621.43 14877 Books
free website counter